LEADER 01277nam a2200265 a 4500 001 000000130936 003 CaOOAMICUS 005 20121011145903.0 008 121011r19641764it ahf u000 u ita r 040 $aPUL$bita 100 1 $aBeccaria, Cesare,$cmarchese di,$d1738-1794.$0(OLS)http://pul/name/2964 245 00$aDei delitti e delle pene /$cdi Cesare Beccaria ; facsimile dell'edizione originale pubblicata anonima in Livorno nel 1764, con le aggiunte delle successive edizioni e degli autografi registrate in margine e su carte allegate dal marchese Giulio Beccaria, figlio dell'Autore ; a cura di Luigi Firpo. 260 $aTorino :$bUTET,$c1964. 300 $a190 p., [1] c. di tav. :$bill., facsim. ;$c25 cm. 490 1 $aStrenna 700 1 $aFirpo, Luigi,$d1915-1989.$0(OLS)http://pul/name/3484 700 1 $aBeccaria, Giulio.$0(OLS)http://pul/name/83955 830 0$aStrenna UTET.$0(OLS)http://pul/title/3071 850 $aPUL 852 $aPUL$W1$xDP1 Fondo E. Rossi$y115$m1 B 51 bis$j151312$qFondi$B150098$CPULBib$Z2$F150098 $82 941 1 $a1 961 $aSul dorso collocazione ms. di E. Rossi: B 33 996 $6245$aDei delitti e delle pene$9(OLS)http://pul/title/51797 996 $6260$aTorino :$bUTET$9(OLS)http://pul/publisher/48088 LEADER 01272nam a2200277 a 4500 001 000000134577 003 CaOOAMICUS 005 20130625123703.0 008 130625s2004 it u000 u ita r 020 $a88-15-10239-6 040 $aPUL$bita 100 1 $aRöpke, Wilhelm.$0(OLS)http://pul/name/31027 245 10$aDemocrazia ed economia :$bl'umanesimo liberale nella civitas humana /$cWilhelm Röpke. 260 $aBologna :$bIl Mulino,$c©2004. 300 $a238 p. ;$c22 cm 490 1 $aCollezione di testi e studi. Classici del pensiero politico ed economico europeo nel Novecento 650 4$aLiberalismo (Economia).$0(OLS)http://pul/subject/22776 830 0$aCollezione di testi e di studi.$pClassici del pensiero politico ed economico europeo nel Novecento.$0(OLS)http://pul/title/169851 850 $aPUL 852 $aPUL$W1$xDP1 Fondo E. Rossi$y115$m1 R 58$j154783$qFondi$B154303$CPULBib$Z2$F154303 $82 941 1 $a1 961 $aSul dorso collocazione ms. di E. Rossi: R 23 3 996 $6020$a88-15-10239-6$9(OLS)http://pul/number/153114 996 $6245$aDemocrazia ed economia :$bl'umanesimo liberale nella civitas humana$9(OLS)http://pul/title/170179 996 $6260$aBologna :$bIl Mulino$9(OLS)http://pul/publisher/47928